Quick Analysis for Busy Decision Makers

Salvato in:
Dettagli Bibliografici
Autore principale: Behn, Robert D.
Altri autori: Vaupel, James W.
Natura: Libro
Lingua:inglese
Pubblicazione: New York Basic Books Pub. 1982
Edizione:1. ed.
Tags: Aggiungi Tag
Nessun Tag, puoi essere il primo ad aggiungerne!!

MARC

LEADER 00000nam a2200000 4500
001 c024263
005 20221220095938.4
041 0 |a eng 
044 |a US 
245 1 0 |a Quick Analysis for Busy Decision Makers  |c Robert D. Behn, James W. Vaupel 
250 |a 1. ed. 
264 1 |a New York  |b Basic Books Pub.  |c 1982 
300 |a 415 s. 
100 1 |a Behn, Robert D. 
700 1 |a Vaupel, James W.